Phương pháp luận nghiên cứu khoa học /

সংরক্ষণ করুন:
গ্রন্থ-পঞ্জীর বিবরন
প্রধান লেখক: Vũ Cao Đàm
বিন্যাস: গ্রন্থ
ভাষা:Vietnamese
প্রকাশিত: Khoa học và kỹ thuật 2000
ট্যাগগুলো: ট্যাগ যুক্ত করুন
কোনো ট্যাগ নেই, প্রথমজন হিসাবে ট্যাগ করুন!
Thư viện lưu trữ: Mạng thư viện Đại học Đà Nẵng
LEADER 00636nam a2200265 4500
001 000028039
003 Ph
005 20150324120000.0
008 150324s vm 000 vie
020 |c 0,0000 
040 |a notts 
100 |a Vũ Cao Đàm 
245 |a Phương pháp luận nghiên cứu khoa học /  |c VũCao Đàm. 
260 |b Khoa học và kỹ thuật  |c 2000 
OWN |a LTT 
999 |a From the UDN01 
TYP |a Monograph 
TYP |a Printed language 
980 |a Mạng thư viện Đại học Đà Nẵng